| 000 | 01029nam a22003017a 4500 | ||
|---|---|---|---|
| 003 | CHAP | ||
| 005 | 20220329143554.0 | ||
| 008 | 100611s2009 mx a r 00110 spa d | ||
| 010 | _a98687 | ||
| 011 | _a99659 | ||
| 020 | _a9786074252552 | ||
| 035 | _a110345 | ||
| 040 | _cCHAP | ||
| 082 | 1 | 4 |
_a635 _bB52 |
| 245 | 0 | 0 |
_aBioespacios: _btecnología para la horticultura en Oaxaca _c/por Rafael Rodríguez Hernández...[et al.] |
| 260 |
_aOaxaca, Oax. : _bINIFAP, _c2009 |
||
| 300 |
_a336 p. : _bilus., cuadros |
||
| 590 |
_aBATCH-UPD _b10 _c20130110 _lUCH01 _h2004 |
||
| 590 |
_aBATCH-UPD _b10 _c20130410 _lUCH01 _h1324 |
||
| 590 |
_aBATCH-UPD _b10 _c20130914 _lUCH01 _h1624 |
||
| 590 |
_aCONVERSION _b10 _c20130109 _lUCH01 _h1354 |
||
| 650 | 1 | 4 |
_aHorticultura _xOaxaca. _956363 |
| 700 | 1 |
_aRodríguez Hernández, Rafael. _998591 |
|
| 901 | _aBK | ||
| 942 | _cLIBRO | ||
| 949 |
_a635 B52 _bBC _cLIBRO _d33724002174892 _eLIBRO _gI.c/e _h112878 _i110345 _st |
||
| 949 |
_a635 B52 _bBC _cLIBRO _d33724002175173 _eLIBRO _fc.2 _gI.c/e _h112885 _i110345 _si |
||
| 999 |
_c98687 _d98687 |
||